Η γυναίκα του απέναντι καθρέφτη

Αποθηκεύτηκε σε:
Λεπτομέρειες βιβλιογραφικής εγγραφής
Κύριος συγγραφέας: Σερμιντζέλη-Τζουβάλη, Αρσινόη
Μορφή: Βιβλίο
Γλώσσα:Greek
Δημοσίευση: Αθήνα : Ελληνικά Γράμματα, 1997
Θέματα:
Ετικέτες: Προσθήκη ετικέτας
Δεν υπάρχουν, Καταχωρήστε ετικέτα πρώτοι!

MARC

LEADER 00000nam a2200000 i 4500
001 1/73423
008 990316s1997 gre d
020 |a 960-344-388-3 
035 |l 10048808 
040 |a GR-MY-UA  |b gre  |e aacr 
041 0 |a gre 
082 0 |a 889.3 
100 1 |a Σερμιντζέλη-Τζουβάλη, Αρσινόη. 
245 1 2 |a Η γυναίκα του απέναντι καθρέφτη /  |c Α.Σερμιντζέλη - Τζουβάλη 
260 |a Αθήνα :   |b Ελληνικά Γράμματα,   |c 1997 
300 |a 214 σ. 
650 0 0 |a Greek fiction, Modern. 
852 |a INST  |b RHODES  |e 19990316  |h 889.3 ΣΕΡ  |p 005400015441  |q 005400015441  |t BK  |y 0 
901 |a BIBL-1999-1 
909 |a Ρ  |b 064344  |c 1999 
922 |a 4ΔΩΡ  |b 199903 
970 |z 2000/06/ΟΙΚΟΝΟΜΟΠΟΥΛΟΥ (SUBJECT)